QR kódy a význam ich implementácie

Charakteristika QR kódov, ich technické parametre, nutné hardvérové a softvérové vybavenie na ich používanie a význam implementácie v praxi.

Gespeichert in:
Bibliographische Detailangaben
1. Verfasser: Bolek, Vladimír, 1988-
Format: Buchkapitel
Sprache:Slowakisch
Schlagworte:
Tags: Tag hinzufügen
Keine Tags, Fügen Sie das erste Tag hinzu!

MARC

LEADER 00000nla a2200000 4500
001 0166739
005 20240502072914.4
041 0 |a slo 
044 |a SK 
245 1 0 |a QR kódy a význam ich implementácie  |c Vladimír Bolek 
520 |a Charakteristika QR kódov, ich technické parametre, nutné hardvérové a softvérové vybavenie na ich používanie a význam implementácie v praxi. 
610 2 0 |a kódy čiarové 
610 2 0 |a označovanie tovarov 
610 2 0 |a technológie informačné 
610 2 0 |a technológie komunikačné 
610 2 0 |a matice 
610 2 0 |a hardvér 
610 2 0 |a softvér 
610 2 0 |a marketing 
610 2 0 |a logistika 
100 1 |a Bolek, Vladimír, 1988-